LIBRARY ONLINE CATALOGUE

Java message service / (Record no. 2467)

MARC details
000 -LEADER
fixed length control field 00674cam a22002172 4500
001 - CONTROL NUMBER
control field 0000004116
005 - DATE AND TIME OF LATEST TRANSACTION
control field 20151217145755.0
008 - FIXED-LENGTH DATA ELEMENTS--GENERAL INFORMATION
fixed length control field 070521s xx 000 0 eng d
020 ## - INTERNATIONAL STANDARD BOOK NUMBER
International Standard Book Number 8173663211 :
Terms of availability KES 2,600
040 ## - CATALOGING SOURCE
Original cataloging agency KABU
Transcribing agency KABU
050 #0 - LIBRARY OF CONGRESS CALL NUMBER
Classification number QA76.73
Item number .J38M66
100 1# - MAIN ENTRY--PERSONAL NAME
Personal name Monson-Haefel, Richard.
-- 0000154491
245 10 - TITLE STATEMENT
Title Java message service /
Statement of responsibility, etc. Richard Monson-Haefel, and David A. Chappell.
260 ## - PUBLICATION, DISTRIBUTION, ETC. (IMPRINT)
Place of publication, distribution, etc. Bangalore :
Name of publisher, distributor, etc. SPD,
Date of publication, distribution, etc. 2001.
300 ## - PHYSICAL DESCRIPTION
Extent xvi, 220 p.
650 #0 - SUBJECT ADDED ENTRY--TOPICAL TERM
Topical term or geographic name as entry element Java (Computer program language)
-- 0000148169
700 1# - ADDED ENTRY--PERSONAL NAME
Personal name Chappel, David A.
-- 0000154492
908 ## - PUT COMMAND PARAMETER (RLIN)
Put command parameter 070521
950 ## - LOCAL HOLDINGS (RLIN)
-- 1
Holdings
Withdrawn status Lost status Source of classification or shelving scheme Not for loan Home library Current library Date acquired Total Checkouts Full call number Barcode Date last seen Date last checked out Price effective from Koha item type
    Library of Congress Classification   Kabarak, Main Campus Kabarak, Main Campus 17/12/2015 1 QA76.73 .J38M66 004239 22/01/2019 14/01/2019 17/12/2015 General Collection